000 00280nam a2200121Ia 4500
008 190216s9999||||xx |||||||||||||| ||und||
100 _aKrishna Chander
245 4 _aThe Dreamer
260 _bOrient Paper Books
_c1967
300 _a160p
650 _aEnglish Essay
942 _cBK
999 _c12335
_d12335